Catalog

Record Details

Catalog Search



Available copies

  • 1 of 1 copy available at LARL/NWRL Consortium.

Current holds

0 current holds with 1 total copy.

Show Only Available Copies
Location Call Number / Copy Notes Barcode Shelving Location Status Due Date
Roseau Public Library pb LAU (Text) 35500006040214 Main Available -

Record details

  • ISBN: 0060839104
  • ISBN: 9780060839109
  • Physical Description: 483 p. ; 18 cm.
  • Publisher: New York : Avon Books, c2006.
Subject: England > Fiction.
Genre: Romance fiction.
Historical fiction.
LDR 00693nam a2200253Ka 4500
001288017
003LARL_NWRL_CONSORTIUM
00520180524205249.0
008060825s2006 nyu 000 1 eng d
020 . ‡a0060839104
020 . ‡a9780060839109
035 . ‡a(OCoLC)71152688
040 . ‡aHHO ‡cHHO ‡dBAKER ‡dGZD
08204. ‡a813/.54
099 . ‡aROM
1001 . ‡aLaurens, Stephanie. ‡0(LARL_NWRL_CONSORTIUM)139417
24510. ‡aTo distraction ‡n#6 / ‡cStephanie Laurens.
260 . ‡aNew York : ‡bAvon Books, ‡cc2006.
300 . ‡a483 p. ; ‡c18 cm.
4900 . ‡aBastion Club ; ‡v6
651 0. ‡aEngland ‡vFiction.
655 7. ‡aRomance fiction. ‡2gsafd
655 7. ‡aHistorical fiction. ‡2gsafd
901 . ‡a288017 ‡b ‡c288017 ‡tbiblio

Additional Resources